| 000 | 00583nam a2200217Ia 4500 | ||
|---|---|---|---|
| 003 | OSt | ||
| 005 | 20220928143536.0 | ||
| 006 | a|||||r|||| 00| 0 | ||
| 007 | ta | ||
| 008 | 220927b |||||||| |||| 00| 0 eng d | ||
| 024 | _a22492 | ||
| 037 | _cTextual | ||
| 040 |
_aSDCL _cSDCL _beng |
||
| 041 |
_2eng _aeng |
||
| 082 | _aG:19:(J3), N4 | ||
| 100 |
_aFlint Olga _9505701 |
||
| 245 | 0 |
_aFood microscopy _b A manual of practical methods,using optical microscopy. |
|
| 260 | _c1994 | ||
| 942 |
_hG:19:(J3), N4 _cTEXL _2CC |
||
| 999 |
_c824485 _d824485 |
||